| Поле | Инд. | ПП | Название | Значение |
|---|---|---|---|---|
| Тип записи | a | |||
| Библиографический уровень | m | |||
| 001 | Контрольный номер | RU/IS/BASE/451584411 | ||
| 005 | Дата корректировки | 20141219085256.5 | ||
| 008 | Кодируемые данные | 020928 | ||
| 040 | a | Служба первич. каталог. | НБ ТвГУ | |
| 041 | a | Код языка текста | rus | |
| 080 | a | Индекс УДК | 591.9(47+57) | |
| 084 | a | Индекс другой классификации/Индекс ББК | Е685.9(2) | |
| 090 | a | Полочн. индекс | 59 | |
| x | Авторский знак | Ж 67 | ||
| 245 | 10 | a | Заглавие | Животный мир СССР |
| b | Продолж. заглавия | [сборник статей] | ||
| n | Номер части/ раздела | Т. 3 | ||
| c | Ответственность | АН СССР, Зоол. ин-т ; сост. Г. Я. Бей-Биенко [и др. ; под ред. Е. Н. Павловского, Б. С. Виноградова] | ||
| p | Название части/ раздела | Зона степей | ||
| 260 | 0_ | a | Место издания | Москва |
| a | Место издания | Ленинград | ||
| c | Дата издания | 1950 | ||
| b | Издательство | Академия наук СССР | ||
| 300 | a | Объем | 672 с. | |
| b | Иллюстрации/ тип воспроизводства | ил. | ||
| c | Размеры | 26 см | ||
| 504 | a | Библиография | Библиогр. в конце разд. | |
| a | Библиография | Указ. рус. и лат. назв. животных: с. 606-672 | ||
| 650 | z | Географическая подрубрика | СССР | |
| 653 | a | Ключевые слова | География животных | |
| a | Ключевые слова | Животные СССР | ||
| a | Ключевые слова | Зоогеография СССР | ||
| a | Ключевые слова | Фауна СССР | ||
| 700 | 2_ | a | Другие авторы | Бей-Биенко Григорий Яковлевич |
| e | Роль лиц | сост. | ||
| 700 | 1_ | a | Другие авторы | Павловский Евгений Никанорович |
| e | Роль лиц | ред. | ||
| 700 | 1_ | a | Другие авторы | Виноградов Борис Степанович |
| e | Роль лиц | ред. | ||
| 901 | t | Тип документа | m | |
| 920 | a | Оператор | Шалы | |
| a | Оператор | Суха | ||
| a | Оператор | Хохл | ||
| 952 | c | Вид литературы | К рн | |
| 954 | a | Дата поступления на обработку | 20140423 | |
| b | Дата поступления в ОК | 20141219ред |